00477nmm a2200157Ia 4500008004100000020001800041041000800059100003300067245004600100264006600146300001800212650001400230856005100244942000700295999001700302251105s9999||||xx |||||||||||||||||und|| a9788490645611 aspa aGiró Gütiérrez, Carmen 0aFamilias globales: un hogar, dos culturas a[Madrid, España] :bUniversitat Oberta de Catalunya, c2015 a154 páginas aSociology uhttps://public.digitaliapublishing.com/a/37972 cCF c87727d87727